Нашла себе блондина!: роман

التفاصيل البيبلوغرافية
المؤلف الرئيسي: Вильмонт Е. Н. Екатерина Николаевна
الملخص:Исключено из фонда НТБ ТПУ
اللغة:الروسية
منشور في: Москва, АСТ, 2004
سلاسل:Полоса везения: Бабские истории Екатерины Вильмонт
التنسيق: كتاب
KOHA link:https://koha.lib.tpu.ru/cgi-bin/koha/opac-detail.pl?biblionumber=63913

MARC

LEADER 00000nam0a2200000 4500
001 63913
005 20231031065124.0
010 |a 5170213344 
010 |a 5-7390-1328-3 
010 |a 5-271-07740-3 
035 |a (RuTPU)RU\TPU\book\67816 
090 |a 63913 
100 |a 20040521d2004 m y0rusy50 ca 
101 0 |a rus 
102 |a RU 
105 |a y z 000ay 
200 1 |a Нашла себе блондина!  |e роман  |f Е. Н. Вильмонт 
210 |a Москва  |c АСТ  |c Олимп  |c Астрель  |d 2004 
215 |a 270 с. 
225 1 |a Полоса везения: Бабские истории Екатерины Вильмонт 
333 |a Исключено из фонда НТБ ТПУ 
700 1 |a Вильмонт  |b Е. Н.  |g Екатерина Николаевна 
801 1 |a RU  |b 63413507  |c 20040521  |g PSBO 
801 2 |a RU  |b 63413507  |c 20131021  |g PSBO 
942 |c BK